| 000 | 00590nam a2200217Ia 4500 | ||
|---|---|---|---|
| 005 | 20250326144121.0 | ||
| 008 | 250326s9999 xx 000 0 und d | ||
| 020 | _a978-0-470-0190-8 | ||
| 037 | _aTextbook | ||
| 040 |
_aFMSL _beng _cFMSL |
||
| 041 |
_aeng _2eng |
||
| 084 |
_aX:51 P7 _qFMSL |
||
| 100 |
_aSchofield N C _9749066 |
||
| 245 | 0 |
_aCommodity derivation _cSchofield N C |
|
| 260 |
_aEngland _bEngland, John wiley and sons _c2008 |
||
| 300 | _a315p | ||
| 365 | _b5409.6000000000004 | ||
| 650 | _aEconomics | ||
| 942 |
_cTB _hX:51 P7 |
||
| 999 |
_c1302421 _d1302421 |
||